000 00503nam a22001817a 4500
999 _c2989
_d2946
008 190114b ||||| |||| 00| | eng d
020 _a9754583609
041 _atur
050 _aPL248.A55
100 _9229
_aAnday, Melih Cevdet
245 _aRaziye
250 _a1.Basım
260 _aİstanbul:
_bTürkiye İş Bankası Kültür Yayınları,
_cAğustos 2002
300 _a268 Sayfa
500 _aGenel Yayın : 607 Edebiyat Dizisi : 215
650 0 _9145
_aTürk Edebiyatı
942 _2lcc
_cBK